Loading...
| History - Other History | 4 | 1 | 1 | 2 | 65 | 31 | 65.60 | 1 | 4 |
| History - American History | 2 | 3 | 1 | 2 | 55 | 66 | 98.40 | 1 | 5 |
| History - World History | 2 | 3 | 3 | 0 | 45 | 57 | 75.40 | 2 | 3 |
| History - European History | 0 | 4 | 1 | 1 | 35 | 74 | 94.75 | 0 | 1 |
| Religion | 1 | 2 | 0 | 0 | 35 | 51 | 78.00 | 1 | 3 |
| Literature - World Literature | 1 | 2 | 2 | 0 | 25 | 28 | 66.00 | 2 | 3 |
| Mythology | 0 | 3 | 1 | 1 | 25 | 92 | 112.33 | 1 | 3 |
| Fine Arts - Auditory Fine Arts | 0 | 2 | 0 | 1 | 20 | 102 | 117.00 | 1 | 1 |
| Other Academic | 0 | 1 | 0 | 0 | 10 | 103 | 103.00 | 0 | 0 |
| Pop Culture | 0 | 1 | 0 | 0 | 10 | 121 | 121.00 | 0 | 1 |
| Geography | 1 | 0 | 1 | 0 | 10 | 59 | 59.00 | 1 | 1 |
| Literature - British Literature | 0 | 0 | 0 | 0 | 0 | 0.00 | 0 | 0 | |
| Literature - European Literature | 0 | 0 | 1 | 0 | -5 | 0.00 | 0 | 0 |